| 000 | 00417nam a22001577a 4500 | ||
|---|---|---|---|
| 999 |
_c7772 _d7770 |
||
| 005 | 20210325121203.0 | ||
| 008 | 210325b ||||| |||| 00| 0 eng d | ||
| 082 | _a345.408 23 | ||
| 100 |
_aMANOHAR AND CHITALEY _96503 |
||
| 245 | _aTHE AIR MANUAL CIVIL AND CRIMINAL PENAL COAD[1860] SECTION-301 TO 409 , VOL-38 | ||
| 250 | _a6TH, ED. | ||
| 260 | _aNAGPUR | ||
| 300 | _a1872,p | ||
| 650 |
_aLAW _95701 |
||
| 942 | _cJRL | ||